000 00778nam a2200265Ia 4500
003 OSt
005 20220918220446.0
006 a|||||r|||| 00| 0
007 ta
008 220917b |||||||| |||| 00| 0 eng d
024 _a146,094
037 _cTextual
040 _aARTS
_cARTS
_beng
041 _2eng
_aeng
082 _aY765:3(ND,9Q)z7, L5
100 _aMcCall Daniel F
245 0 _aAfrican images
_b Essays in African iconology
260 _aNew York
_bAfricana Publisdhing
_c1975
300 _axiii 326p Illus+plates
_ccm.
490 _aBoston University papers on Africa,6
650 _aSOCIOLOGY
700 _a Bay Edna G
_9137533
942 _hY765:3(ND,9Q)z7, L5
_cTEXL
_2CC
999 _c268850
_d268850